00990nas a2200241Ia 4500001001100000003000900011008004100020040001300061040001300074041001300087100003800100210001100138222001100149245007700160250001100237260002300248501008600271300001000357310001800367362003700385500026000422650006600682R132/L2049IT-RoPAU151124c99999999xx |||||||||||| ||und|| aIT-RoPAU cIT-RoPAU aITALIANO aAA.VV. gCodice Aut. SPICS: 12000 aADISTA aAdista aSIR, ANNO 18-N.72 (2 NOVEMBRE 2006)bSir, Anno 18-N.72 (2 Novembre 2006) a1a ed. aROMAbADISTAc2006 bPaulus - SPICS - Società San Paolo EM (non-commercial uses only)cCopyright2015 a35 p. aBISETTIMANALE aANNO 018, N.72 (2 NOVEMBRE 2006) aDati Sensibili: Chi Custodisce i Custodi? di F. Bonini. Napoli: Non Arrendersi al Male di G. Alfaro. Calabria: Non Solo Rabbia di R. Iaria. Sardegna:Un Silenzio Interrotto. Cei: Pastorale Sociale: il Dono della Terra di G. Pasqualin Traversa. Diocesi: Pen aCOMUNICAZIONE - AGENZIA INFORMAZIONEvPUBBLICAZIONE PERIODICA